| 000 | 00808nam a2200217Ia 4500 | ||
|---|---|---|---|
| 001 | 15224 | ||
| 003 | GE_BSU | ||
| 008 | 181216s||||||||xx |||||||||||||| ||und|| | ||
| 040 | _cGE_BSU | ||
| 080 | _a82-93 | ||
| 100 | _aშუბითიძე,მიხეილ | ||
| 245 | _a”კირტიკა,ტრაქტორა და ქოსატყუილა მეფე” | ||
| 245 | _bსაბავშვო მოთხრობა | ||
| 245 | _cრედ.ჯ.თითმერია. მხატვ. ე. ამბოკაძე | ||
| 260 | _aთბილისი | ||
| 260 | _bმერანი | ||
| 260 | _c1992 | ||
| 300 | _a72გვ.ილ.20სმ. | ||
| 653 | _aკირტიკა,ტრაქტორა და ქოსატყუილა მეფე | ||
| 942 | _cBK | ||
| 999 |
_c48336 _d48336 |
||